[Event "Leiden Chess Tournament"]
[Site "Leiden"]
[Date "2017.07.20"]
[Round "6"]
[White "Oostvogels, Niek"]
[Black "Boeters, Stefan"]
[Result "0-1"]
[WhiteElo "1905"]
[BlackElo "1798"]
[Annotator "NA RC"]
[PlyCount "114"]
[EventDate "2017.??.??"]
[EventCountry "NED"]
[SourceTitle "playchess.com"]
[Source "ChessBase"]
[SourceQuality "1"]
[TimeControl "40/5400+30:1800+30"]

{[%evp 12,102,34,32767,32767,6,32767,0,0,0,32767,32767,-51,-45,-49,-43,32767,32767,-68,-75,-77,-75,-77,-84,-58,-60,-66,-88,-59,-89,32767,-85,-77,-88,-77,-85,32767,32767,32767,32767,32767,32767,32767,32767,32767,32767,32767,-99,32767,32767,-132,-194,-212,-227,-136,-112,-142,-149,-146,-150,-162,-137,-170,-145,-149,-149,-141,-152,-138,-141,-137,-204,-160,-187,-153,32767,32767,32767,32767,32767,-215,-204,-221,-214,-210,-209,-216,-209,-209,-221,-233,-239,-297]} 1. e4 {[%emt 0:00:00]} d6 {[%emt 0:07:47]} 2. Bc4 {[%emt 0:00:16]} Nf6 {[%emt 0:00:28]} 3. d3 {[%emt 0:00:28]} e5 {[%emt 0:00:28]} 4. Nf3 {[%emt 0:01:16]} Be7 {[%emt 0:01:00]} 5. O-O {[%emt 0:00:57]} O-O {[%emt 0:00:28]} 6. c3 {[%emt 0:02:43]} Nbd7 {[%emt 0:01:26] LiveBook: 5 Games C24: Bishop's Opening: 2...Nf6} (6... c6 7. Re1 Nbd7 8. Bb3 Nc5 9. Bc2 Bg4 10. Nbd2 Nfd7 11. h3 Bh5 12. Nf1 Ne6 13. Ng3 Bxf3 14. Qxf3 g6 15. Bh6 Re8 16. Rad1 Bg5 17. Bxg5 Qxg5 18. d4 {½-½ (55) Ghaem Maghami,E (2570)-Bu,X (2670) Moscow 2012}) 7. Nbd2 {[%emt 0:05:01]} c6 {[%emt 0:00:38]} 8. d4 {[%emt 0:06:43]} exd4 $146 {[%emt 0:01:34]} ({Predecessor:} 8... Qc7 9. dxe5 dxe5 10. a4 Nc5 11. Qe2 Nh5 12. Nb3 Ne6 13. Be3 Nef4 14. Qc2 Bg4 15. Ne1 Be6 16. Bxe6 Nxe6 {½-½ (16) Ganger,R (1991)-Richardt,M (2022) England 2015}) 9. cxd4 {[%emt 0:05:14]} Nxe4 {[%emt 0:02:47]} 10. Nxe4 {[%emt 0:09:01]} d5 {[%emt 0:00:19]} 11. Bd3 {[%emt 0:00:12]} dxe4 {[%emt 0:00:08]} 12. Bxe4 {[%emt 0:00:06]} Nf6 {[%emt 0:02:29]} 13. Bc2 {[%emt 0:03:31]} Bg4 {[%emt 0:05:51]} 14. Be3 {[%emt 0:07:26]} Qd5 {[%emt 0:04:04]} 15. Bb3 {[%emt 0:16:17]} Bxf3 {[%emt 0:01:19]} 16. Qxf3 {[%emt 0:00:06]} Qxf3 {[%emt 0:00:26]} 17. gxf3 {[%emt 0:00:05]} Rad8 {[%emt 0:03:12]} 18. Rad1 {[%emt 0:02:43]} Nd5 {[%emt 0:02:17]} 19. Rfe1 {[%emt 0:04:34]} Rfe8 {[%emt 0:02:42]} 20. Re2 {[%emt 0:02:19]} Bf6 {[%emt 0:03:21]} 21. Kf1 {[%emt 0:03:52]} Kf8 {[%emt 0:03:10]} 22. Rde1 {[%emt 0:04:29]} h6 {[%emt 0:07:40]} 23. Kg2 {[%emt 0:03:18]} Rd7 {[%emt 0:07:23]} 24. Kf1 {[%emt 0:05:28]} Bd8 {[%emt 0:02:00]} 25. Bd2 {[%emt 0:05:49]} Rxe2 {[%emt 0:05:21]} 26. Rxe2 {[%emt 0:00:08]} Bc7 {[%emt 0:01:24]} 27. h3 {[%emt 0:02:12]} Nf4 {[%emt 0:04:55]} 28. Bxf4 {[%emt 0:01:04]} Bxf4 {[%emt 0:01:16]} 29. d5 {[%emt 0:07:07]} cxd5 {[%emt 0:01:10]} 30. a4 {[%emt 0:00:43]} d4 {[%emt 0:04:26]} 31. Ke1 {[%emt 0:00:54]} (31. Rc2 $17) 31... d3 {[%emt 0:01:53]} 32. Re4 {[%emt 0:00:18]} Bc1 {[%emt 0:01:13]} ({Black should play} 32... g5 $19 33. Bc4 a6) 33. Bc4 {[%emt 0:00:44]} d2+ {[%emt 0:01:22]} 34. Kd1 {[%emt 0:00:01]} Bxb2 {[%emt 0:00:10]} 35. Bb5 {[%emt 0:01:12]} Rd8 {[%emt 0:00:36]} 36. Re3 {[%emt 0:00:35]} Bf6 {[%emt 0:03:57]} 37. Rd3 {[%emt 0:00:53] [#]} Rxd3 $1 {[%emt 0:01:49]} 38. Bxd3 {[%emt 0:00:02]} Bc3 {[%emt 0:00:55]} 39. Kc2 {[%emt 0:00:21]} Ke7 {[%emt 0:00:36]} 40. Be2 {[%emt 0:00:05]} Ba5 {[%emt 0:30:36]} 41. Kb3 {[%emt 0:30:22]} Kd6 {[%emt 0:00:22]} 42. Kc4 {[%emt 0:00:00]} Kc6 {[%emt 0:00:00]} 43. Bd1 {[%emt 0:00:00]} a6 {[%emt 0:00:00]} 44. Bc2 {[%emt 0:00:00]} b5+ {[%emt 0:00:00]} 45. Kd3 {[%emt 0:00:00]} Kc5 {[%emt 0:00:00]} 46. Bd1 {[%emt 0:00:00]} bxa4 {[%emt 0:00:00]} 47. Bxa4 {[%emt 0:00:00]} Kb4 {[%emt 0:00:00]} 48. Bd1 {[%emt 0:00:00]} Ka3 {[%emt 0:00:00]} 49. Kc2 {[%emt 0:00:00]} Bb4 {[%emt 0:00:00]} 50. Be2 {[%emt 0:00:00]} a5 {[%emt 0:00:00]} 51. Bb5 $19 {[%emt 0:00:00]} a4 {[%emt 0:00:00]} 52. Bc4 {[%emt 0:00:00]} d1=Q+ {[%emt 0:00:00]} 53. Kxd1 {[%emt 0:00:00]} Kb2 {[%emt 0:00:00]} 54. Bxf7 {[%emt 0:00:00]} a3 {[%emt 0:00:00]} 55. f4 {[%emt 0:00:00]} a2 {[%emt 0:00:00]} 56. Bxa2 {[%emt 0:00:00]} Kxa2 {[%emt 0:00:00]} 57. f5 {[%emt 0:00:00]} Be7 {[%emt 0:00:00]} 0-1

[Event "Leiden Chess Tournament"]
[Site "Leiden"]
[Date "2017.07.21"]
[Round "7"]
[White "Sandipan, Chanda"]
[Black "Perske, Thore"]
[Result "1/2-1/2"]
[WhiteElo "2575"]
[BlackElo "2413"]
[Annotator "TA"]
[PlyCount "122"]
[EventDate "2017.??.??"]
[EventCountry "NED"]
[SourceTitle "playchess.com"]
[Source "ChessBase"]
[SourceQuality "1"]

{[%evp 21,122,15,37,9,20,16,28,17,36,15,30,31,26,0,18,12,52,26,46,33,35,0,0,0,0,-1,-7,0,0,-6,0,-7,0,0,3,-31,0,0,25,25,27,26,26,0,21,0,83,80,128,100,116,64,56,10,14,21,19,-8,-8,-8,-8,-7,87,87,89,94,93,64,93,101,48,0,0,0,0,0,0,0,0,0,0,0,0,0,0,0,0,0,0,0,0,0,0,0,0,0,0,0,0,0,0,0,0]} 1. d4 Nf6 2. c4 g6 3. Nc3 Bg7 4. e4 d6 5. Be2 O-O 6. Bg5 c5 7. d5 e6 8. Qd2 exd5 9. cxd5 Re8 10. f3 a6 11. a4 Qa5 {LiveBook: 11 Games. A65: Modern Benoni: 6 e4} 12. Ra2 $146 ({Predecessor:} 12. Ra3 Nbd7 13. Nh3 Qc7 14. Nf2 b6 15. O-O Kh8 16. Bh6 Bxh6 17. Qxh6 Ng8 18. Qf4 Ne5 19. Qd2 {½-½ (37) Yu,Y (2738)-Maze,S (2613) Caleta 2017}) 12... Qb4 13. a5 b5 14. axb6 $1 Qxb6 15. Bd1 Nbd7 16. Nge2 Ne5 17. Bc2 Rb8 18. O-O Bd7 19. Rfa1 Qc7 20. Qc1 Bb5 21. Nxb5 axb5 22. Ra7 Rb7 23. Ra8 Rxa8 24. Rxa8+ Rb8 25. Qa1 h6 (25... Qc8 $5 {[%cal Rb8a8]} 26. Rxb8 Qxb8 $14) 26. Bc1 Rxa8 27. Qxa8+ Kh7 28. h3 Qb6 (28... c4 $5 {[%cal Rc7c5]} 29. Be3 Nd3 $14) 29. Kf2 b4 30. b3 Qc7 31. f4 $36 {[%mdl 2048] White is pushing.} Ned7 32. g4 (32. Be3 {seems wilder.} Nb6 33. Qa6 Kg8 34. Bd3 Nfd7 35. Qa2) 32... Nb6 (32... c4 $5 {[%cal Rc4b3]} 33. Qc6 Qa7+ 34. Be3 Qa1 35. Qxc4 Qh1 $14) 33. Qc6 Qxc6 (33... Qa7 $11) 34. dxc6 $16 Ne8 35. Be3 Bf8 36. Nc1 (36. Bd3 $16) 36... Nc8 $14 37. Bd3 {Black should prevent Ba6.} Nc7 $1 38. e5 d5 39. f5 Na7 40. e6 {Bf4 is the strong threat.} Nxc6 41. Bf4 Nxe6 (41... Na8 $1 $11) 42. fxe6 $16 fxe6 43. Bb5 Nd4 44. Bd7 Kg7 45. Be5+ Kf7 46. Bxd4 cxd4 {The position is equal.} 47. Nd3 {[#] aiming for Nf4.} Bd6 48. Bc6 Ke7 49. h4 g5 50. hxg5 hxg5 51. Kf1 Kd8 52. Ne1 Be7 53. Ke2 Kc7 54. Be8 e5 55. Bf7 Kc6 56. Kd3 Kc5 57. Bg6 $1 Bd8 58. Nf3 Bf6 59. Nd2 Bd8 60. Bh7 Be7 61. Bf5 e4+ {Precision: White = 60%, Black = 61%.} 1/2-1/2

[Event "Leiden Chess Tournament"]
[Site "Leiden"]
[Date "2017.07.21"]
[Round "7"]
[White "Shyam, Sundar M."]
[Black "Van Delft, Merijn"]
[Result "1-0"]
[WhiteElo "2534"]
[BlackElo "2384"]
[Annotator "TA"]
[PlyCount "75"]
[EventDate "2017.??.??"]
[EventCountry "NED"]
[SourceTitle "playchess.com"]
[Source "ChessBase"]
[SourceQuality "1"]

{[%evp 20,75,0,0,19,0,0,0,32,12,77,47,89,52,117,26,20,32,14,18,21,0,0,0,0,0,34,37,82,74,66,69,27,42,52,45,115,38,37,37,41,24,521,522,2335,2318,2125,2220,2151,2129,1919,1862,29989,5435,29965,29962,29993,29994]} 1. e4 c5 2. Ne2 Nf6 3. Nbc3 d6 4. g3 Nc6 5. Bg2 g6 6. O-O Bg7 7. d3 O-O 8. h3 Rb8 9. Be3 b5 10. Qd2 b4 11. Nd1 Re8 {B26: Closed Sicilian: 3 g3, lines with early Be3} (11... Nd7 12. Bh6 Bxh6 13. Qxh6 Nd4 14. Qd2 e5 15. Ne3 Nf6 16. Kh2 Nh5 17. Nxd4 cxd4 18. Nc4 Be6 19. b3 {½-½ (51) Vachier Lagrave,M (2745)-Dominguez Perez,L (2754) Beijing 2013}) 12. f4 Qc7 13. f5 a5 {The position is equal.} 14. Bh6 Bh8 (14... e6 $11) 15. Ne3 Ne5 16. Nf4 Bb7 ({Black should play} 16... Qa7 $14) 17. Qf2 $146 (17. g4 $16) ({Predecessor:} 17. g4 a4 18. g5 Nfd7 19. h4 {½-½ (48) Iakymov,V (2413)-Yastreb,K (2288) Alushta 2007}) 17... Bg7 $11 18. Bxg7 Kxg7 19. fxg6 hxg6 20. g4 Rh8 21. c3 {[#] Hoping for d4.} g5 22. Nfd5 $1 {[%cal Rd5c7]} Bxd5 23. exd5 Nxd3 24. Qf5 c4 25. Qxg5+ Kf8 {aiming for ...Qc5.} 26. Nf5 {Threatens to win with Qg7+.} Rh7 27. Qe3 Qc5 (27... Nxb2 $6 28. g5 $16) ({Black should try} 27... Ne5 $14) 28. Nd4 (28. Qxc5 $16 dxc5 29. d6) 28... Nxd5 29. Qe4 bxc3 30. bxc3 $40 {[%mdl 128] [#] White is up to no good.} ({Much worse is} 30. Qxh7 Qxd4+ 31. Kh1 (31. Kh2 Qe5+ 32. Kh1 Qg7 $17) 31... Qg7 $17) 30... Nxc3 $2 {[%mdl 8192]} (30... Rxh3 $1 $11 {[%mdl 512] and Black is okay.} 31. Qxd5 (31. Bxh3 $2 {loses.} Nxc3 32. Rxf7+ Kxf7 $17) 31... Qxd5 32. Bxd5 Ne5) 31. Qxh7 $18 {[%csl Gf1][%cal Rh7f7]} Ne2+ 32. Kh1 {[%csl Gf1][%cal Rh7f7]} Ng3+ 33. Kh2 {[%csl Gf1][%cal Rh7f7]} Nxf1+ 34. Rxf1 {[%csl Gf1][%cal Rh7f7]} Qe5+ 35. Kh1 {[%csl Gf1][%cal Rh7f7]} Ke8 36. Nc6 (36. Qg8+ $142 Kd7 37. Qxb8 d5 38. Qb7+ Qc7 39. Qxd5+ Qd6 40. Qb7+ Ke8 41. Qc8+ Qd8 42. Bc6+ Kf8 43. Qxd8+ Kg7 44. Qxe7 Kh6 45. Rf6+ Kh7 46. Rxf7+ Kh8 47. Rf8#) 36... Nf2+ 37. Rxf2 Rb1+ 38. Qxb1 {Precision: White = 47%, Black = 27%.} 1-0

[Event "Leiden Chess Tournament"]
[Site "Leiden"]
[Date "2017.07.21"]
[Round "7"]
[White "Pijpers, Arthur"]
[Black "Ikonnikov, Vyacheslav"]
[Result "1/2-1/2"]
[WhiteElo "2457"]
[BlackElo "2538"]
[Annotator "TA"]
[PlyCount "82"]
[EventDate "2017.??.??"]
[EventCountry "NED"]
[SourceTitle "playchess.com"]
[Source "ChessBase"]
[SourceQuality "1"]

{[%evp 18,82,27,21,36,22,33,36,40,42,34,26,53,37,41,31,51,46,52,15,60,60,67,62,60,62,58,47,54,52,61,30,73,42,38,31,42,30,31,10,10,33,29,24,10,22,24,23,47,42,47,39,55,55,55,55,55,55,55,55,55,55,55,55,55,55,662]} 1. e4 c5 2. Nf3 Nc6 3. d4 cxd4 4. Nxd4 e5 5. Nb5 {[%cal Bd4b5,Bb5a3,Ba3c4][%mdl 32]} d6 6. N1c3 a6 7. Na3 Be6 8. Nc4 b5 9. Ne3 Nf6 {B32: Sicilian: Löwenthal and Kalashnikov Variations} 10. g3 {LiveBook: 25 Games} g6 (10... b4 11. Ncd5 Nxe4 12. Bg2 f5 13. O-O Be7 14. a3 bxa3 15. Rxa3 O-O 16. f4 g6 17. c3 exf4 18. gxf4 Bh4 19. Ra4 Nc5 20. Rc4 {½-½ (20) Motylev,A (2687)-Shirov,A (2703) Poikovsky 2014}) 11. Bg2 Bg7 {The position is equal.} 12. O-O O-O 13. Ncd5 Rb8 14. c3 Na5 $146 ({Predecessor:} 14... Ne7 15. Nxf6+ Bxf6 16. a4 Qd7 17. axb5 axb5 {½-½ (32) Povarov,V (2132)-Moskvichev,V (2118) ICCF email 2011}) 15. Qd3 Nxd5 16. Nxd5 Nc4 17. Rd1 Qd7 18. a4 Nb6 19. Nxb6 Rxb6 20. axb5 axb5 21. Be3 Bc4 22. Qd2 (22. Qb1 $5 {[%cal Re3b6]} Rc6 23. Qc2 $14) 22... Rc6 23. Ra7 Qe6 24. Rda1 Rfc8 25. Rb7 R6c7 26. Rxc7 Rxc7 27. Ra8+ Bf8 $1 28. Bf1 (28. Qe1 {keeps more tension.} Rc8 29. Qa1 Qe8 30. Ra7 Qc6 31. h4) 28... Bxf1 29. Kxf1 Rc8 30. Rxc8 Qxc8 31. Qd5 Qc4+ 32. Ke1 Kg7 33. Kd2 {White is slightly better.} Be7 34. b3 Qxd5+ 35. exd5 $14 {[%mdl 4096] Endgame KB-KB} Kf8 36. Kd3 $1 Ke8 37. c4 $1 Kd7 38. cxb5 f5 39. f3 Kc7 40. h3 Kb7 41. g4 e4+ $2 {[%mdl 40960] Precision: White = 69%, Black = 58%. . An unexpected result.} (41... Bd8 $14) 1/2-1/2

[Event "Leiden Chess Tournament"]
[Site "Leiden"]
[Date "2017.07.21"]
[Round "7"]
[White "Lai, Hing Ting"]
[Black "Verstraeten, Rein"]
[Result "1-0"]
[WhiteElo "2393"]
[BlackElo "2316"]
[Annotator "TA"]
[PlyCount "121"]
[EventDate "2017.??.??"]
[EventCountry "NED"]
[SourceTitle "playchess.com"]
[Source "ChessBase"]
[SourceQuality "1"]

{[%evp 17,121,1,34,40,96,25,34,40,33,28,41,25,28,16,18,4,9,0,12,13,20,0,34,0,0,0,6,0,0,0,0,0,0,0,11,-37,0,0,0,0,0,0,0,-8,-15,-40,-13,-13,0,0,252,248,251,252,247,251,313,322,621,585,564,184,145,0,0,0,0,0,0,0,0,0,0,0,0,0,0,0,0,0,0,0,220,212,195,195,407,297,297,290,290,290,357,330,409,381,480,480,441,403,555,543,787,762,5506,5309]} 1. d4 Nf6 2. c4 g6 3. Nf3 Bg7 4. g3 O-O 5. Bg2 d6 6. O-O Nc6 7. Nc3 Rb8 8. e3 a6 9. Qe2 {E63: King's Indian: Fianchetto: Panno Variation with 7...a6} e6 {LiveBook: 4 Games} (9... b5 $5) 10. Rd1 (10. b3 b5 11. Bb2 bxc4 12. Qxc4 Nb4 13. a3 Nbd5 14. b4 a5 15. b5 c6 16. a4 cxb5 17. axb5 {½-½ (29) Jakovenko,D (2736)-Wang,H (2739) St Petersburg 2012}) 10... d5 $146 (10... b5 $14) ({Predecessor:} 10... b5 11. e4 bxc4 12. Qxc4 Bb7 13. Qe2 d5 14. Bg5 h6 15. Bxf6 Bxf6 16. e5 Be7 {0-1 (43) Pustovoitova,D (2331)-Bodnaruk,A (2425) Moscow 2011}) 11. e4 (11. Ne5 $16) 11... dxe4 $11 12. Nxe4 Nxe4 13. Qxe4 Ne7 14. b3 b5 15. Qe1 Bb7 16. Ba3 Re8 17. Ne5 Bxg2 18. Kxg2 Qc8 19. Kg1 (19. Bxe7 $5 Qb7+ 20. Kg1 Rxe7 21. Rac1 $14) 19... Qb7 20. Rac1 b4 21. Bb2 Rbd8 22. Rd3 Nf5 23. Rcd1 a5 24. a3 Rd6 25. axb4 axb4 26. Qd2 Red8 (26... Bxe5 $5 27. dxe5 Rxd3 28. Qxd3 c5 $15) 27. d5 exd5 28. cxd5 Ne7 {[%cal Re7d5]} 29. Qf4 f6 30. Nc4 {[%cal Be5c4,Bc4e3,Be3f5][%mdl 32]} Rxd5 31. Rxd5 Rxd5 {[%cal Rd5d1]} 32. Re1 {Black must now prevent Qe4.} Qc6 33. Ne3 Rd2 $2 {[%mdl 8192]} (33... Rb5 $11 {and Black is okay.}) 34. Nf5 $1 $18 {[%cal Rf5e7]} ({And not} 34. Qxb4 Rxb2 35. Qxe7 Bf8 $11) 34... Nxf5 35. Qxd2 Bf8 36. Qd8 Kg7 37. Re8 Bc5 $2 (37... Qd6 38. g4 Nh6 39. Bxf6+ Qxf6) 38. Rg8+ Kh6 39. Qd2+ $2 (39. Bc1+ Be3 40. Bxe3+ Nxe3 41. fxe3 Qc1+ 42. Kg2 Qc2+ 43. Kf3 Qf5+ 44. Ke2 Qh5+ 45. Ke1 Qxh2 46. Qxf6 (46. Qxc7 Qh1+ 47. Kf2 Qh2+ 48. Kf3 Qh1+ 49. Kf4 g5+ 50. Kf5 Qd5+ 51. Kxf6 Qxg8 $11) 46... Qxg3+ 47. Qf2) 39... g5 {[#]} 40. Rd8 ({White should play} 40. Bxf6 $1 $16 {[%mdl 512]} Qxf6 41. h4) 40... Qe4 $11 {Black wants to play ...Ne3!} 41. Rd3 ({But not} 41. Bxf6 $2 {[#]} Ne3 $1 $19 {[%mdl 512]}) 41... Kg6 42. Rd5 Bb6 43. Rd8 Bc5 44. Qd1 h5 $1 45. Rg8+ Kh7 46. Rc8 Kg6 47. Rh8 g4 {Threatens to win with ...Ne3!} 48. Rd8 $40 {[%mdl 128] White attacks.} Bb6 49. Rd2 Qe6 $2 (49... Ne3 $11 {and Black stays safe.} 50. fxe3 Bxe3+ 51. Rf2 Qf5) 50. Re2 $18 Qc6 51. Qd3 h4 $2 (51... Qd6 52. Qxd6 cxd6) 52. Qe4 Qxe4 53. Rxe4 hxg3 54. hxg3 {[%mdl 4096] Endgame KRB-KBN} Kg5 55. Kf1 Bc5 56. Rc4 Bd6 57. Bc1+ Kh5 58. Bf4 Bf8 {Now ...c5 and Black clings on.} 59. Rxc7 {White is clearly winning.} Nd4 60. Rf7 Bc5 61. Rxf6 {Precision: White = 49%, Black = 48%.} 1-0

[Event "Leiden Chess Tournament"]
[Site "Leiden"]
[Date "2017.07.22"]
[Round "7"]
[White "Kuipers, Stefan"]
[Black "Vrolijk, Liam"]
[Result "1-0"]
[WhiteElo "2388"]
[BlackElo "2419"]
[Annotator "TA"]
[PlyCount "171"]
[EventDate "2017.??.??"]
[EventCountry "NED"]
[SourceTitle "playchess.com"]
[Source "ChessBase"]
[SourceQuality "1"]

{[%evp 9,171,20,22,22,22,16,20,13,17,12,20,21,20,12,11,23,30,21,25,24,37,35,31,37,37,25,25,20,25,27,28,24,24,0,42,46,70,47,51,47,48,48,48,54,68,66,74,72,152,152,147,133,186,131,139,153,149,149,143,133,131,120,139,14,65,27,162,168,162,159,341,319,426,445,451,457,462,385,415,410,389,357,368,357,329,312,475,436,409,420,585,712,573,623,5273,5501,1356,109,111,111,114,11,165,11,14,8,11520,10088,29952,6099,29965,29968,29968,1486,29969,29970,29970,29970,29968,29971,29971,29972,29973,29973,29976,29974,29975,29975,29976,29977,29977,29978,29977,29979,29979,29976,29976,29977,29977,29977,29978,29979,29979,29980,29980,29981,29981,29981,29982,29981,29981,29982,29982,29983,29983,29984,29982,29983,29981,29982,29988,29989,29989,29990]} 1. e4 e5 2. Nf3 Nc6 3. Bb5 Nf6 4. d3 {[%cal Bd2d3,Bd3d4][%mdl 32]} Bc5 5. Bxc6 dxc6 6. O-O {C65: Ruy Lopez: Berlin Defence (3...Nf6), unusual lines and 4 0-0 Bc5} Nd7 7. c3 O-O 8. d4 {The position is equal.} Bd6 9. Bg5 f6 10. Qb3+ Kh8 11. Bh4 Qe8 $146 ({Predecessor:} 11... b6 12. Nbd2 Ba6 13. Rfe1 Qe7 14. dxe5 Nxe5 15. Nxe5 Qxe5 {1-0 (46) Eljanov,P (2751)-Radjabov,T (2710) Shamkir 2017}) 12. Nbd2 Nb6 13. Bg3 Be6 14. c4 {[%cal Rd4e5]} exd4 15. Bxd6 cxd6 16. Nxd4 Bg8 17. Rfe1 Qe5 18. Qd3 Rfe8 19. N2f3 {[%cal Bd2f3,Bf3h4,Bh4f5][%mdl 32]} Qa5 20. b3 Rad8 21. Nf5 Nc8 22. Rad1 Qc7 23. Qc3 Ne7 24. N3h4 (24. Ng3 {seems wilder.} Bf7 25. Re3 a6 26. Nd4 c5 27. Ndf5) 24... Nxf5 25. Nxf5 Be6 26. Ne3 Bc8 27. f3 Re5 28. Rd3 Rde8 (28... Ree8 $142) 29. Red1 $16 f5 30. Rxd6 Qe7 (30... h5 $16 {might work better.} 31. Nxf5 Bxf5) 31. Rd8 (31. Nxf5 $18 Bxf5 32. exf5) 31... Rxd8 32. Rxd8+ Qxd8 33. Qxe5 fxe4 34. fxe4 h6 35. h3 Kh7 36. c5 (36. Kf2 $16) 36... Qd2 $11 37. Nf1 Qd3 (37... Qc1 $11) 38. Ng3 $1 $18 b6 39. Kh2 $36 {[%mdl 2048] Black is under strong pressure.} Qd2 $2 (39... Qa6 $16 40. Qd6 Qb7) 40. Qc7 Bd7 41. Qxa7 bxc5 42. Qxc5 Qxa2 43. Qe7 Qd2 44. e5 c5 {( -> ...Bc6)} 45. Qxc5 Be6 46. Qd6 $1 {[%cal Rd6d2]} Bd5 {[%csl Gd5][%cal Rd2g2] [#]} 47. Ne2 $1 {[%mdl 512]} h5 (47... Qxe2 {was called for.} 48. Qxd5 Qe3) 48. e6 {Strongly threatening Nf4.} Qg5 {[%csl Gd5][%cal Rg5g2]} 49. Qg3 Qxg3+ 50. Kxg3 Bxe6 {[%mdl 4096] Endgame KB-KN} 51. b4 g5 52. Nd4 Bd5 53. b5 $2 (53. Nf5 $1 $18 {and the rest is easy.} h4+ 54. Kf2) 53... Kg6 $16 54. Kf2 Kf6 55. g3 (55. Ne2 $16) 55... Ke5 $2 (55... Ke7 $1 $11 {and Black is okay.}) 56. Ke3 $2 (56. Nf3+ $1 $18 Kf5 57. Ke3) 56... Kd6 $11 57. b6 (57. Nf3 $5 {[%cal Rf3g5]} Bc4 58. Nxg5 Bxb5 59. Ke4 $16) 57... Kc5 $2 {[%mdl 8192] [#]} (57... h4 $11) 58. Ne6+ $1 $18 {[%mdl 512]} Kxb6 (58... Bxe6 59. b7) 59. Nxg5 Kc5 60. Ne4+ Kc6 61. Kf4 (61. h4 $142 Bc4 62. Kf4 Bf1 63. Nf6 Kd6 64. Nxh5 Ke6 65. Kg5 Kf7 66. Nf4) 61... Be6 62. h4 {White mates.} Bf7 63. Kg5 Kd7 64. Nf6+ Ke7 65. Nxh5 Kf8 66. g4 Be6 67. Nf4 Bd7 68. h5 {[%cal Bh4h5,Bh5h6][%mdl 32]} Kg7 69. Ng6 Bc8 70. Ne5 Be6 71. h6+ Kh7 72. Kh5 Bb3 73. Nd7 Bd1 74. Nf6+ Kh8 75. Kg5 Bc2 76. Kf4 Bg6 77. g5 Bc2 78. Ke5 Bb1 79. Ng4 Kh7 80. Kf6 Bc2 81. Ne3 Bg6 82. Nf5 Bh5 83. Ng7 Bg6 84. Ne6 Bd3 85. Nf8+ Kg8 {[#]} 86. g6 $1 {Precision: White = 68%, Black = 42%.} 1-0

[Event "Leiden Chess Tournament"]
[Site "Leiden"]
[Date "2017.07.21"]
[Round "7"]
[White "Ypma, Peter"]
[Black "Pruijssers, Roeland"]
[Result "1-0"]
[WhiteElo "2283"]
[BlackElo "2508"]
[Annotator "TA"]
[PlyCount "61"]
[EventDate "2017.??.??"]
[EventCountry "NED"]
[SourceTitle "playchess.com"]
[Source "ChessBase"]
[SourceQuality "1"]

{[%evp 16,60,42,34,22,20,51,42,47,26,25,0,58,54,113,93,112,119,115,97,175,157,279,281,475,475,495,481,474,468,482,439,433,287,490,525,955,942,1964,1908,29991,29992,29993,29994,29994,29989,29999]} 1. d4 f5 2. Nf3 Nf6 3. Bf4 e6 4. h3 b6 5. e3 Bb7 6. Bd3 Be7 7. Nbd2 O-O 8. c3 Ne4 9. Rg1 {LiveBook: 3 Games. A80: Dutch Defence: Unusual White second moves} d5 (9... Bd6 10. Ne5 Qh4 11. Qe2 Nxd2 12. Kxd2 Bxe5 13. dxe5 d6 14. exd6 cxd6 15. Bxd6 Rd8 16. Bg3 Qc4 {1-0 (94) Tikkanen,H (2503)-Sagit,R (2406) Stockholm 2017}) 10. Qe2 $146 ({Predecessor:} 10. g4 c5 11. Qe2 c4 12. Bc2 Nc6 13. Ne5 Nxe5 14. Bxe5 Bf6 15. Bf4 b5 16. Nxe4 fxe4 {0-1 (31) Knoblauch,P-Kabir,S (2115) Germany 1996}) 10... Nd7 11. g4 {White is slightly better.} Bd6 12. Bxd6 cxd6 13. gxf5 exf5 (13... Rxf5 $11 14. O-O-O g6) 14. O-O-O Qf6 ({Better is} 14... Qe7 $14) 15. Rg2 $1 $16 Rae8 16. Rdg1 $1 Re7 17. Ng5 h6 {[#]} (17... Rc8 $16 {was worth a try.}) 18. Ngf3 $1 $18 Qe6 {[#]} (18... Kh7 $16) 19. Nh4 $1 g5 $2 (19... Rff7 {was called for.} 20. Ng6 Nf8 21. Nxe7+ Rxe7) 20. f4 {[%cal Bf2f4,Bf4g5][%mdl 32]} Rg7 21. fxg5 h5 22. Qf3 b5 23. Bxb5 Nb6 24. Qxh5 Nc4 $2 (24... Nxd2 25. Kxd2 Nc4+ 26. Bxc4 dxc4) 25. Qh6 Qc8 26. Nxe4 dxe4 27. g6 f4 28. Rg5 {White mates.} Qxh3 29. Bxc4+ d5 30. Nf5 {[%csl Gf5][%cal Rh6g7]} Qf3 31. Qxg7# {Precision: White = 89%, Black = 23%.} 1-0